Cestovný ruch a kúpeľníctvo v hospodárskom živote Slovenska v roku 1947

Saved in:
Bibliographic Details
Main Author: Černý, Bořivoj
Format: Book
Language:Slovak
Published: Bratislava Slovenská vysoká škola obchodná
Tags: Add Tag
No Tags, Be the first to tag this record!

MARC

LEADER 00000nam a2200000 4500
001 0267707
005 20240822101709.8
041 0 |a slo 
044 |a SK 
245 1 0 |a Cestovný ruch a kúpeľníctvo v hospodárskom živote Slovenska v roku 1947  |c Bořivoj Černý 
264 1 |a Bratislava  |b Slovenská vysoká škola obchodná 
100 1 |a Černý, Bořivoj